Logo BPK

Biblioteka

Politechniki Koszalińskiej

Domowe instalacje sanitarne z tworzyw sztucznych : (Rekord nr 36748)

Szczegóły MARC
000 -ETYKIETA REKORDU
podpole kontrolne o stałej długości 01034nam a2200277 i 4500
001 - NUMER KONTROLNY REKORDU
pole kontrolne bg
020 ## - MIĘDZYNARODOWY ZNORMALIZOWANY NUMER KSIĄŻKI - ISBN
ISBN 8390733609
040 ## - ŹRÓDŁO KATALOGOWANIA
Instytucja, która utworzyła rekord BPK
041 0# - KOD JĘZYKA
Kod języka tekstu pl
080 ## - UNIWERSALNA KLASYFIKACJA DZIESIĘTNA - UKD
UKD 696/697:678::728
920 ## - Międzynarodowy znormalizowany numer książki – ISBN
ISBN 83-907336-0-9
008 - POLE O STAŁEJ DŁUGOŚCI - DANE KONTROLNE
podpole kontrolne o stałej długości s pl f |000 0 pol
100 1# - NAZWA OSOBOWA
Nazwa osobowa BORZYM, Jolanta
245 10 - TYTUŁ/ODPOWIEDZIALNOŚĆ
Tytuł Domowe instalacje sanitarne z tworzyw sztucznych :
Ciąg dalszy tytułu poradnik wykonawcy : woda zimna, ciepła woda użytkowa, centralne ogrzewanie, ogrzewanie podłogowe, kanalizacja bytowo-gospodarcza i deszczowa, podłączenia instalacji do urządzeń zasilających je w wodę /
Pozostałe elementy strefy tytułu i oznaczenia odpowiedzialności Jolanta Borzym, Andrzej Borzym, Stanisław Rabiej.
260 ## - STREFA ADRESU WYDAWNICZEGO
Miejsce wydania Warszawa :
Nazwa wydawcy/dystrybutora "Arkon",
Data publikacji, dystrybucji/powstania dokumentu 1997.
300 ## - STREFA OPISU FIZYCZNEGO
Objętość 214 s. :
Inne cechy fizyczne fot., rys., wykr. ;
Rozmiary 24 cm.
504 ## - UWAGA DOTYCZĄCA BIBLIOGRAFII
Informacje o bibliografii Bibliogr. s. 213-214.
650 #9 - HASŁO PRZEDMIOTOWE W FORMIE NAZWY OGÓLNEJ LUB JEDNOSTKOWEJ
Nazwa ogólna lub geograficzna Budownictwo mieszkaniowe
Określnik ogólny urządzenia
650 #9 - HASŁO PRZEDMIOTOWE W FORMIE NAZWY OGÓLNEJ LUB JEDNOSTKOWEJ
Nazwa ogólna lub geograficzna Instalacje sanitarne
650 #9 - HASŁO PRZEDMIOTOWE W FORMIE NAZWY OGÓLNEJ LUB JEDNOSTKOWEJ
Nazwa ogólna lub geograficzna Ogrzewanie centralne
650 #9 - HASŁO PRZEDMIOTOWE W FORMIE NAZWY OGÓLNEJ LUB JEDNOSTKOWEJ
Nazwa ogólna lub geograficzna Rury z tworzyw sztucznych
655 ## - TERMIN INDEKSOWY - OKREŚLENIE RODZAJU/FORMY DOKUMENTU
Określenie rodzaju/formy dokumentu Poradniki
700 1# - HASŁO DODATKOWE - NAZWA OSOBOWA
Nazwa osobowa BORZYM, Andrzej
700 1# - HASŁO DODATKOWE - NAZWA OSOBOWA
Nazwa osobowa RABIEJ, Stanisław
856 ## - LOKALIZACJA I DOSTĘP DO ELEKTRONICZNYCH DOKUMENTÓW ZDALNYCH
Link (URL) http://koha.tu.koszalin.pl/cgi-bin/koha/opac-detail.pl?biblionumber=36748
Tekst linku Katalog online BPK
942 ## - DODATKOWE ELEMENTY (KOHA)
Typ dokumentu Książka
Egzemplarze
Wycofany Status egzemplarza Uszkodzony Dostępność Lokalizacja stała Lokalizacja bieżąca Miejsce przechowywania Sygnatura Kod kreskowy Dział Typ dokumentu
      Tylko na miejscu Biblioteka Politechniki Koszalińskiej Biblioteka Politechniki Koszalińskiej Czytelnia BG 51609 01465662 696 Instalacje w budynkach Książka
© 2023 Biblioteka Politechniki Koszalińskiej :: KOHA